| 000 | 00951nam a2200289Ia 4500 | ||
|---|---|---|---|
| 003 | OSt | ||
| 005 | 20220918171020.0 | ||
| 006 | a|||||r|||| 00| 0 | ||
| 007 | ta | ||
| 008 | 220917b |||||||| |||| 00| 0 eng d | ||
| 020 |
_a9781137438560 (hbk) _c6288.10 |
||
| 024 | _a289,229 | ||
| 037 |
_b1118, 08/03/2016, Bright Book Service _cTextual |
||
| 040 |
_aARTS _cARTS _beng |
||
| 041 |
_2eng _aeng |
||
| 082 | _aX:77, Q5 | ||
| 100 |
_aFountain Philip Ed. _933147 |
||
| 245 | 0 | _aReligion and the politics of development | |
| 260 |
_aNew York _bPalgrave Macmillan U.S.A _c2015 |
||
| 300 |
_axiii, 253p. _ccm. |
||
| 490 | _aInternational political economy series | ||
| 650 | _aECONOMICS | ||
| 700 |
_a Bush Robin Ed. _933148 |
||
| 700 |
_a Feener R. Michael Ed. _933149 |
||
| 942 |
_hX:77, Q5 _cTEXL _2CC |
||
| 999 |
_c137288 _d137288 |
||